The god of the woods (Record no. 4805)

MARC details
000 -CABECERA
campo de control de longitud fija 01280nam a22002297a 4500
008 - DATOS DE LONGITUD FIJA--INFORMACIÓN GENERAL
campo de control de longitud fija 250626b |||||||| |||| 00| 0 eng d
020 ## - NÚMERO INTERNACIONAL ESTÁNDAR DEL LIBRO
Número Internacional Estándar del Libro 9780008663797
040 ## - FUENTE DE LA CATALOGACIÓN
Centro/agencia transcriptor tbs
041 ## - CÓDIGO DE LENGUA
Código de lengua del texto/banda sonora o título independiente eng
050 ## - SIGNATURA TOPOGRÁFICA DE LA BIBLIOTECA DEL CONGRESO
Número de clasificación PS3613
Número de documento/Ítem .O.5644G64 2024
100 ## - ENTRADA PRINCIPAL--NOMBRE DE PERSONA
Nombre de persona Moore, Liz
Fechas asociadas al nombre 1983-
9 (RLIN) 25607
Término indicativo de función/relación author
245 ## - MENCIÓN DE TÍTULO
Título The god of the woods
Mención de responsabilidad, etc. / Liz Moore.
260 ## - PUBLICACIÓN, DISTRIBUCIÓN, ETC.
Lugar de publicación, distribución, etc. London,
Nombre del editor, distribuidor, etc. Borough Press,
Fecha de publicación, distribución, etc. 2024.
300 ## - DESCRIPCIÓN FÍSICA
Extensión 435 pages :
Otras características físicas map ;
Dimensiones 24 cm.
520 ## - SUMARIO, ETC.
Sumario, etc. Some said it was tragic, what happened to the Van Laars.<br/><br/>Some said the Van Laars deserved it. That they never even thanked the searchers who stayed out for five nights in the freezing forest trying to help find their missing son.<br/><br/>Some said there was a reason it took the family so long to call for help. That they knew what happened to the boy.<br/><br/>Now, fifteen years later, the daughter the family had in their grief has gone missing in the same wilderness as her brother. Some say the two disappearances aren’t connected.<br/><br/>Some say they are.
650 #0 - PUNTO DE ACCESO ADICIONAL DE MATERIA--TÉRMINO DE MATERIA
Término de materia o nombre geográfico como elemento de entrada Camps
Subdivisión de forma Fiction
9 (RLIN) 25608
650 #0 - PUNTO DE ACCESO ADICIONAL DE MATERIA--TÉRMINO DE MATERIA
Término de materia o nombre geográfico como elemento de entrada Missing persons
Subdivisión general Investigation
Subdivisión de forma Fiction
9 (RLIN) 25609
650 #0 - PUNTO DE ACCESO ADICIONAL DE MATERIA--TÉRMINO DE MATERIA
Término de materia o nombre geográfico como elemento de entrada Family secrets
Subdivisión de forma Fiction
9 (RLIN) 23679
651 #0 - PUNTO DE ACCESO ADICIONAL DE MATERIA--NOMBRE GEOGRÁFICO
Nombre geográfico Adirondack Mountains (N.Y.)
Subdivisión general History
Subdivisión cronológica 20th century
Subdivisión de forma Fiction
9 (RLIN) 25610
655 #0 - TÉRMINO DE INDIZACIÓN--GÉNERO/FORMA
Datos o término principal de género/forma Detective and mystery fiction
9 (RLIN) 23664
942 ## - ELEMENTOS DE ENTRADA AGREGADA (KOHA)
Fuente del sistema de clasificación o colocación Clasificación de Library of Congress
Holdings
Estado de retiro Estado de pérdida Fuente del sistema de clasificación o colocación Estado dañado No para préstamo Biblioteca de origen Biblioteca actual Fecha de adquisición Total de préstamos Signatura topográfica completa Código de barras Fecha visto por última vez Número de copia Precio válido a partir de Tipo de ítem Koha
    Clasificación de Library of Congress     TBS Barcelona TBS Barcelona 26/06/2025   P-EN MOO B05799 26/06/2025 1 26/06/2025 Book

Powered by Koha